Montreal Canadiens - Most shootout goals - Statistics

General Stats
  • This quiz has been taken 20 times
  • The average score is 8 of 15
Answer Stats
Goals Players % Correct
11 Cole Caufield
100%
11 Nick Suzuki
92%
8 Alex Galchenyuk
85%
8 Max Pacioretty
85%
17 David Desharnais
77%
11 Saku Koivu
77%
10 Alex Kovalev
69%
4 Tomas Plekanec
69%
5 Andrei Markov
54%
6 Lars Eller
31%
6 Brian Gionta
23%
6 Jonathan Drouin
23%
9 Paul Byron
23%
5 Andrei Kostitsyn
15%
4 PA Parenteau
15%
No matching quizzes found
Score Distribution
Percent of People with Each Score
Percentile by Number Answered
Your Score History
You have not taken this quiz